| 000 | 00372cam a2200157ua 4500 | ||
|---|---|---|---|
| 003 | OSt | ||
| 008 | 240217b |||||||| |||| 00| 0 eng d | ||
| 041 | _ahin | ||
| 082 |
_a891.54 _bHAR/MA |
||
| 100 |
_aHarikrishna premi, . _96065 |
||
| 245 | _aMakhan Lal chadurvedi / | ||
| 250 | _a1 / | ||
| 260 |
_a : _bRajpal and Sanch , _c1960. |
||
| 300 | _a118 ; . | ||
| 942 | _cBK | ||
| 999 |
_c6448 _d6448 |
||